000 00663nam a2200253Ia 4500
003 OSt
005 20220918193344.0
006 a|||||r|||| 00| 0
007 ta
008 220917b |||||||| |||| 00| 0 eng d
024 _a72,727
037 _cTextual
040 _aARTS
_cARTS
_beng
041 _2eng
_aeng
082 _aR4, N3 (TTR)
100 _aBillington Ray
_916867
245 0 _aLiving philosophy
_b an introduction to moral thought
250 _a2nd
260 _aLondon
_bRoutledge
_c1993
300 _axiv,329p.
_ccm.
650 _aETHICS
942 _hR4, N3 (TTR)
_cTEXL
_2CC
999 _c198680
_d198680